Catálogo
 En Linea

EL retorno de los brujos : (Registro nro. 24243)

Detalles MARC
000 -CABECERA
campo de control de longitud fija 00879nam a2200241 a 4500
001 - NÚMERO DE CONTROL
campo de control 000024750
005 - FECHA Y HORA DE LA ÚLTIMA TRANSACCIÓN
campo de control 20200930023339.0
008 - DATOS DE LONGITUD FIJA--INFORMACIÓN GENERAL
campo de control de longitud fija 110203s1965 sp r 000 0 spa d
040 ## - FUENTE DE LA CATALOGACIÓN
Centro catalogador/agencia de origen DO-SdBNP
Lengua de catalogación spa
Centro/agencia transcriptor BNPHU
041 17 - CÓDIGO DE LENGUA
Código de lengua del texto/banda sonora o título independiente spa
Código de lengua original fre
Fuente del código Código de idiomas MARC
082 ## - NÚMERO DE LA CLASIFICACIÓN DECIMAL DEWEY
Número de clasificación nn*
Número de documento/Ítem nn*
049 ## - FONDOS LOCALES (OCLC)
Fondos de biblioteca BNGR
100 1# - ENTRADA PRINCIPAL--NOMBRE DE PERSONA
Nombre de persona Pauwels, Louis.
9 (RLIN) 50782
240 10 - TÍTULO UNIFORME
Título uniforme Le matin des magiciens.
Lenguaje de la obra Español
245 13 - MENCIÓN DE TÍTULO
Título EL retorno de los brujos :
Resto del título introducción al realismo fantástico /
Mención de responsabilidad, etc. Louis Pauwels y Jacques Bergies ; traducción de J. Ferrer Aleu.
250 ## - MENCIÓN DE EDICIÓN
Mención de edición 4a ed.
260 ## - PUBLICACIÓN, DISTRIBUCIÓN, ETC.
Lugar de publicación, distribución, etc. Barcelona :
Nombre del editor, distribuidor, etc. Plaza & Janés,
Fecha de publicación, distribución, etc. 1965.
300 ## - DESCRIPCIÓN FÍSICA
Extensión 483 p. ;
Dimensiones 22 cm.
534 ## - NOTA SOBRE LA VERSIÓN ORIGINAL
Encabezamiento principal del original Título de la obra original :
Mención de título del original Le matin des magiciens
500 ## - NOTA GENERAL
Nota general Incluye referencias bibliográficas y notas al pie de las páginas.
700 1# - PUNTO DE ACCESO ADICIONAL--NOMBRE DE PERSONA
Nombre de persona Bergier, Jacques.
9 (RLIN) 50783
700 1# - PUNTO DE ACCESO ADICIONAL--NOMBRE DE PERSONA
Nombre de persona Ferrer Aleu, J.,
Término indicativo de función/relación tr.
9 (RLIN) 13598

No hay ítems disponibles.

Con tecnología Koha